APUNTES PARA UNA CONFERENCIA SOBRE LA LITERATURA JUVENIL (Registro nro. 68698)

Detalles MARC
000 -CABECERA
campo de control de longitud fija 00953nam a2200205 4500
008 - DATOS DE LONGITUD FIJA--INFORMACIÓN GENERAL
campo de control de longitud fija 260627s2004 mx ||||gr|||| 001 0 spa d
020 ## - NÚMERO INTERNACIONAL ESTÁNDAR DEL LIBRO
Número Internacional Estándar del Libro 970 - 18 - 9079 - 5
040 ## - FUENTE DE LA CATALOGACIÓN
Lengua de catalogación spa
041 ## - CÓDIGO DE LENGUA
Código de lengua del texto/banda sonora o título independiente spa
240 ## - TÍTULO UNIFORME
Título uniforme APUNTES PARA UNA CONFERENCIA SOBRE LA LITERATURA JUVENIL
245 ## - MENCIÓN DE TÍTULO
Título APUNTES PARA UNA CONFERENCIA SOBRE LA LITERATURA JUVENIL
Resto del título LA LITERATURA JUVENIL PARA UN LECTOR AUDIOVISUAL
260 ## - PUBLICACIÓN, DISTRIBUCIÓN, ETC.
Lugar de publicación, distribución, etc. MÉXICO
Nombre del editor, distribuidor, etc. CONSEJO NACIONAL PARA LA CULTURA Y LAS ARTES
Fecha de publicación, distribución, etc. 2004
300 ## - DESCRIPCIÓN FÍSICA
Extensión 46
Dimensiones 21 cm x 13.5 cm
336 ## - TIPO DE CONTENIDO
Fuente rdacontent
Término de tipo de contenido texto
Código de tipo de contenido txt
337 ## - TIPO DE MEDIO
Fuente rdamedia
Nombre/término del tipo de medio sin mediación
Código del tipo de medio n
338 ## - TIPO DE SOPORTE
Fuente rdacarrier
Nombre/término del tipo de soporte volumen
Código del tipo de soporte nc
505 ## - NOTA DE CONTENIDO CON FORMATO
Nota de contenido con formato Reflexiones complementarias: Farias defiende la centralidad del lector y la imaginación en la literatura juvenil, mientras Lluch analiza cómo los jóvenes actuales leen con un estilo narrativo influido por lo audiovisual.
650 ## - PUNTO DE ACCESO ADICIONAL DE MATERIA--TÉRMINO DE MATERIA
Término de materia o nombre geográfico como elemento de entrada CIENCIAS SOCIALES
Subdivisión de forma EDUCACIÓN
Subdivisión general EDUCACIÓN PRIMARIA
942 ## - ELEMENTOS DE PUNTO DE ACCESO ADICIONAL (KOHA)
Fuente del sistema de clasificación o colocación Dewey Decimal Classification
Tipo de ítem Koha General jóvenes y Adultos
Existencias
Estado de retiro Estado de pérdida Fuente del sistema de clasificación o colocación Especificación de materiales (volumen encuadernado u otra parte) Estado dañado No para préstamo Localización permanente Ubicación/localización actual Fecha de adquisición Fuente de adquisición Total de préstamos Signatura topográfica completa Fecha visto por última vez Precio válido a partir de Tipo de ítem Koha
    Dewey Decimal Classification V. 9   Préstamo en Sala BIBLIOTECA PÚBLICA CENTRAL ESTATAL “FRANCISCO CERVANTES” BIBLIOTECA PÚBLICA CENTRAL ESTATAL “FRANCISCO CERVANTES” 02/22/2012 DONACIÓN   372.423 / F47 06/27/2026 06/27/2026 General jóvenes y Adultos